| 000 | 00831nam a22001937a 4500 | ||
|---|---|---|---|
| 999 |
_c1538 _d1538 |
||
| 003 | AR-CdUCM | ||
| 008 | 190227b ||||| |||| 00| 0 spa d | ||
| 040 |
_aMUNICIPALIDAD PROVINCIAL DEL CUSCO _cBIBLIOTECA MUNICIPAL DEL CUSCO |
||
| 082 |
_a327.73 / _bV79 |
||
| 100 |
_aVladimirov, L _95786 |
||
| 245 | _aLa diplomacia de los estados unidos durante la guerra hispano - americana de 1898 / | ||
| 260 |
_aMoscu : _bLenguas Extrangeras , _c1958. |
||
| 300 |
_a308 páginas ; _c20 cm. |
||
| 505 | _aPreparación de la guerra contra España por los círculos monopolistas de los estados unidos -- la guerra hispano-americana -- Los movimientos de liberación nacional y los planes del mando de los EE.UU... | ||
| 650 |
_aDiplomacia en EE.UU. _95787 |
||
| 650 |
_aGuerra EE.UU. _95788 |
||
| 942 |
_2ddc _cLIBROS |
||
| 945 |
_awfj _d2019-02-27 |
||